书目信息 |
| 题名: |
美学百科辞典
|
|
| 作者: | 竹内敏雄 主编 ;池学镇 译 | |
| 分册: | ||
| 出版信息: | 哈尔滨 黑龙江人民出版社 1987 |
|
| 页数: | 527页 | |
| 开本: | 19cm | |
| 丛书名: | ||
| 单 册: | ||
| 中图分类: | B83-61 | |
| 科图分类: | ||
| 主题词: | 美学--词典 | |
| 电子资源: | ||
| ISBN: | ||
| 000 | 00683nam0 2200241 45 | |
| 001 | 0187016368 | |
| 005 | 20060424104906.98 | |
| 010 | @b精装@dCNY5.80 | |
| 091 | @a2093.64 | |
| 100 | @a19960131d1987 em y0chiy0121 ea | |
| 101 | 1 | @achi@cjpn |
| 102 | @aCN@b230000 | |
| 105 | @ay z 001yy | |
| 200 | 10 | @a美学百科辞典@Amei xue bai ke ci dian@f(日)竹内敏雄主编@F(Ri)Zhu Nei Min Xiong Zhu Bian@g池学镇译 |
| 210 | @a哈尔滨@c黑龙江人民出版社@d1987 | |
| 215 | @a527页@d19cm | |
| 606 | @a美学@x词典 | |
| 690 | @aB83-61@v3 | |
| 701 | 0 | @a竹内敏雄@4主编 |
| 702 | 0 | @a池学镇@4译@Achi xue zhen |
| 801 | 2 | @aCN@bNLC@c20060424 |
| 801 | 0 | @aCN@b深圳图书馆@c20050322 |
| 905 | @dB83-61@e83 | |
| 美学百科辞典/(日)竹内敏雄主编/池学镇译.-哈尔滨:黑龙江人民出版社,1987 |
| 527页;19cm |
| ISBN (精装):CNY5.80 |
| ● |
| 相关链接 |
|
|
|
|
正题名:美学百科辞典
索取号:B83-61/83
 
预约/预借
| 序号 | 登录号 | 条形码 | 馆藏地/架位号 | 状态 | 备注 |
| 1 | 0205364 | 202281609 | 密集书库/ [索取号:B83-61/83] | 在馆 | |
| 2 | 0205365 | 002019826 | 密集书库/ [索取号:B83-61/83] | 在馆 | |
| 3 | 0205366 | 002042845 | 第一样本阅览室/ [索取号:B83-61/83] | 在馆 |